Riconosci il Pokémon - Quiz n°82 - Statistics

Statistiche generali
  • Questo quiz è stato fatto 4 volte
  • Il punteggio medio è 10 su 10
Statistiche sulle risposte
Indizio Risposta % Corretto
Altezza 0,3 m
100%
Peso 0,6 kg
100%
Tasso di cattura 190 (35.2%)
100%
Sesso 50% ♂, 50% ♀
100%
Abilità Burla; Intrapasso; Clorofilla
100%
Pokémon Cottonee
100%
Tipo Erba / Folletto
100%
Stadio evoluzione Forma Base
100%
Tasso di allevamento Medio-Veloce
100%
Generazione Quinta
100%
Nessun quiz corrispondente trovato
Distribuzione punteggi
Percentuale di utenti per punteggio
Percentile per numero di risposta
I tuoi punteggi nel tempo
Non hai fatto questo quiz